Paraska Denis (2.11.1906 - 12.2.2012)

Bibliographic Details
Format: Article
Language:Ukrainian
PhysicalDescription:Fotogr.
Subjects:
Online Access:www.rusini-ukrajinci.tym.sk

MARC

LEADER 00000nab a2200000 a 4500
001 vtls010424474
003 SK-MaSNL
005 20260318115010.0
008 120521c2012 xo wr p 000 c0ukr
015 |a SNBRB2012/05 
038 |a SVKPOCL 
040 |a SVKPOCL  |b slo  |c SVKPOCL  |e AACR2 
041 0 |a ukr 
044 |a xo  |c SK 
080 |a 612.68  |2 2001 
080 |a 80(=16)+908(4)  |2 2001 
080 |a 929 Denisová, Paraska  |2 2001 
245 0 0 |a Paraska Denis (2.11.1906 - 12.2.2012)  |c [avtor] r 
300 |b Fotogr. 
600 1 7 |a Denisová, Paraska,  |d 1906-2012  |x nekrológy  |2 svkpocl  |9 1619304 
650 0 7 |a dlhovekosť  |2 svkpocl  |9 2448 
650 0 7 |a osobnosti  |2 svkpocl  |9 29820 
650 0 7 |a slavistika  |2 svkpocl  |9 4282 
651 7 |a Nižný Orlík (Slovensko)  |x rodisko  |2 svkpocl  |9 1619303 
651 7 |a Svidník (Slovensko : okres)  |2 svkpocl  |9 28651 
655 7 |a nekrológy  |2 svkpocl  |9 402542 
773 0 |t Nove žyttja  |g Roč. 62, č. 5 (2012), s. 
852 |a SVKPO  |b KIS3GCP 
856 4 1 |u www.rusini-ukrajinci.tym.sk 
958 |a UK 
958 |a SK 
958 |a RN 
958 |a SS 
958 |a BX 
999 |c 3336413  |d 3338343